|
|
|
|
| LEADER |
01660nam a22004093i 4500 |
| 001 |
EBC7236631 |
| 003 |
MiAaPQ |
| 005 |
20231204023228.0 |
| 006 |
m o d | |
| 007 |
cr cnu|||||||| |
| 008 |
231204s2023 xx o ||||0 eng d |
| 020 |
|
|
|a 9783031260742
|q (electronic bk.)
|
| 020 |
|
|
|z 9783031260735
|
| 035 |
|
|
|a (MiAaPQ)EBC7236631
|
| 035 |
|
|
|a (Au-PeEL)EBL7236631
|
| 035 |
|
|
|a (OCoLC)1376357283
|
| 040 |
|
|
|a MiAaPQ
|b eng
|e rda
|e pn
|c MiAaPQ
|d MiAaPQ
|
| 050 |
|
4 |
|a B829.5.A-Z
|
| 100 |
1 |
|
|a Yoshimi, Jeff.
|
| 245 |
1 |
0 |
|a Horizons of Phenomenology :
|b Essays on the State of the Field and Its Applications.
|
| 250 |
|
|
|a 1st ed.
|
| 264 |
|
1 |
|a Cham :
|b Springer International Publishing AG,
|c 2023.
|
| 264 |
|
4 |
|c Ã2023.
|
| 300 |
|
|
|a 1 online resource (351 pages)
|
| 336 |
|
|
|a text
|b txt
|2 rdacontent
|
| 337 |
|
|
|a computer
|b c
|2 rdamedia
|
| 338 |
|
|
|a online resource
|b cr
|2 rdacarrier
|
| 490 |
1 |
|
|a Contributions to Phenomenology Series ;
|v v.122
|
| 588 |
|
|
|a Description based on publisher supplied metadata and other sources.
|
| 590 |
|
|
|a Electronic reproduction. Ann Arbor, Michigan : ProQuest Ebook Central, 2023. Available via World Wide Web. Access may be limited to ProQuest Ebook Central affiliated libraries.
|
| 655 |
|
4 |
|a Electronic books.
|
| 700 |
1 |
|
|a Walsh, Philip.
|
| 700 |
1 |
|
|a Londen, Patrick.
|
| 776 |
0 |
8 |
|i Print version:
|a Yoshimi, Jeff
|t Horizons of Phenomenology
|d Cham : Springer International Publishing AG,c2023
|z 9783031260735
|
| 797 |
2 |
|
|a ProQuest (Firm)
|
| 830 |
|
0 |
|a Contributions to Phenomenology Series
|
| 856 |
4 |
0 |
|u https://ebookcentral.proquest.com/lib/matrademy/detail.action?docID=7236631
|z Click to View
|